| 000 | 00742nam a2200205Ia 4500 | ||
|---|---|---|---|
| 008 | 140429s9999 xx 000 0 und d | ||
| 020 | _a9781412972758 | ||
| 050 |
_aLB 1715 _b.B742 2010 |
||
| 100 | _aBrooks-Young, Susan | ||
| 245 |
_aTeaching with the tools kids really use : _blearning with Web and mobile technologies / _cSusan Brooks-Young. |
||
| 260 |
_aCalifornia : _bCorwin Press, _cc2010. |
||
| 300 |
_a137 p. : _c26 cm. |
||
| 500 | _aIncludes bibliographical references and index. | ||
| 521 | _aEDUC | ||
| 650 |
_aEducational technology _xStandards --United States. |
||
| 650 |
_aTeachers _xTraining of --United States. |
||
| 650 |
_aTechnological literacy _xStandards -- United States. |
||
| 942 |
_kFOR _cBK |
||
| 999 |
_c115595 _d115595 |
||